Attempted Assassinations of U.S. Presidents - Statistics

General Stats
  • This quiz has been taken 124 times
    24 since last reset
  • The average score is 17 of 17
Answer Stats
Hint Answer % Correct
1864, Unsuccessful Abraham Lincoln
100%
1865, Successful Abraham Lincoln
100%
2011, Unsuccessful Barack Obama
100%
1994, Unsuccessful Bill Clinton
100%
2024, Unsuccessful Donald Trump
100%
2026, Unsuccessful Donald Trump
100%
1933, Unsuccessful Franklin D. Roosevelt
100%
2005, Unsuccessful George W. Bush
100%
1975, Unsuccessful Gerald Ford
100%
1975, Unsuccessful Gerald Ford
100%
1950, Unsuccessful Harry S. Truman
100%
1963, Successful John F. Kennedy
100%
1981, Unsuccessful Ronald Reagan
100%
1912, Unsuccessful Theodore Roosevelt
100%
1901, Successful William McKinley
100%
1881, Successful James Garfield
94%
1835, Unsuccessful Andrew Jackson
89%
No matching quizzes found
Score Distribution
Percent of People with Each Score
Percentile by Number Answered
Your Score History
You have not taken this quiz since the last reset